00858nam a2200265 i 4500001001000000003000900010005001700019007000300036008004100039020001800080040003000098041000800128082002400136100005500160245004500215260002000260264006700280300002800347336002800375337003500403338003000438500007300468650002400541650002700565000020304DO-SdBNP20251210083336.0ta100802s2015 dr r 000 p spa d a9789945588613 aDO-SdBNPbspacBNPHUerda aspa 4aRD861.44bM358n2221 aMarrero de Munné, Melba,d1911-1962eautor4aut.10aNovia del Alba /cMelba Marrero Munné. aSanto Domingo : aSanto Domingo, República Dominicana : bRumbo Norte,c2015. a172 páginas ;c23 cm. atextobtxt2rdacontent  asin mediaciónbn2rdacontent avolumen bnc2rdacarrier aIncluye datos biográficos de la autora en la solapa de la cubierta 0aPoesía dominicana 0aLiteratura dominicana.